Statistics for Real Madrid Record Transfers

Click here to take the quiz!

General Stats

  • This quiz has been taken 1,882 times
  • The average score is 9 of 10

Answer Stats

Year Country Position From Transfer Fee Player % Correct
2013-2014WalesMDTottenham94M€Gareth Bale
100%
2009-2010PortugalFWManchester United94M€Cristiano Ronaldo
100%
2002-2003BrazilFWInter Milan45M€Ronaldo
99%
2014-2015ColombiaMDAS Monaco80M€James Rodriguez
94%
2001-2002FranceMDJuventus73,5M€Zinedine Zidane
94%
2000-2001PortugalMDFC Barcelona60 M€Luis Figo
92%
2009-2010BrazilMDAC Milan65M€Kaka
90%
2003-2004EnglandMDManchester United37,5M€David Beckham
86%
2007-2008NetherlandsFWChelsea36M€Arjen Robben
83%
2009-2010SpainMDLiverpool35,4M€Xabi Alonso
83%

Score Distribution

Percentile by Number Answered

Percent of People with Each Score

Your Score History

You have not taken this quiz